000 00968nam a2200229 4500
001 174444
003 ES-MaACL
005 20230906215530.0
008 100422s1995 sp |||| | spa d
100 1 _aRabanales, Ambrosio.
_9142559
245 1 3 _aEl maestro Rodolfo Oroz /
_cconferencia de Ambrosio Rabanales. Métodos de concentración mental / ensayo de Sergio Valdivia Correa ; presenta Carlos Quiroga.
246 3 _aMétodos de concentración mental
260 _a[Santiago de Chile] :
_bAteneo,
_c1995.
300 _a48 p. ;
_c18 cm.
500 _aEn la portada: Ateneo de Santiago, 6ª Jornada General 1995.
500 _aEn la portada: Lectura de texto por el autor.
610 2 _aAteneo de Santiago de Chile-
_vCongresos y asambleas.
_9142612
700 1 _aValdivia Correo, Sergio.
_tMétodos de concentración mental.
_9142561
700 1 _aQuiroga, Carlos.
_9142562
710 2 _aAteneo de Santiago de Chile.
_92026
852 4 _aES-MaACL
_j2256-F-27
999 _c174444
_d174444